Spain national football team top scorers of all time - Statistics

General Stats
  • This quiz has been taken 346 times
  • The average score is 6 of 15
Answer Stats
Hint Answer % Correct
58 David Villa
96%
38 Fernando Torres
89%
44 Raúl González
81%
23 David Silva
52%
16 Pedro
48%
26 Emilio Butragueño
46%
27 Fernando Morientes
46%
23 Alfredo Di Stéfano
41%
29 Fernando Hierro
34%
15 Xabi Alonso
30%
21 Jose Miguel Gonzalez (Michel)
18%
22 Julio Salinas
12%
20 Telmo Zarraonandia (Zarra)
12%
15 Jose Martinez Pirri
7%
17 Isidro Langara
1%
No matching quizzes found
Score Distribution
Percent of People with Each Score
Percentile by Number Answered
Your Score History
You have not taken this quiz